000 00450nam a22001817a 4500
003 MPLRDC
005 20220104114405.0
008 210129b ||||| |||| 00| 0 eng d
082 _a830.8 SBSX v.428
100 _a梁锡华
245 _a有余篇. 甲
_c
250 _a初版
260 _a
_b时报文化出版事业有限
_c1983
300 _b
490 _a时报书系. 428
650 _a中国文学总集
942 _cBK
_o830.8 SBSX v.428
999 _c7105
_d7095